000 00569nam a22001697a 4500
010 _aENG-120667
020 _a9788172131852
_c300.00
035 _aEN-104199
037 _bDBAD/PUB
082 _a170
245 _aEthics and values in life and literature :
_cedited by P. Padmini
_ba book on doctrines for a better world /
260 _aGuwahati
_bPurbanchal Prakash
_c2013
270 _aH.No-2, Sewjee Path, Dr.B.N. Saikia Path, Wireless,
_bGuwahati
_e781006
300 _a119p.
_b22cm(Hb).
700 _aPadmini, P.
942 _2ddc
_cEN
_h170
_mETH
999 _c144572
_d144572